Imágenes sagradas y predicación visual en el Siglo de Oro

-д хадгалсан:
Номзүйн дэлгэрэнгүй
Үндсэн зохиолч: González García, Juan Luis (Зохиогч)
Формат: Ном
Хэл сонгох:испани
Хэвлэсэн: Madrid Ediciones Akal 2015
Хэвлэл:1a. ed
Цуврал:Estudios Visuales, 10
Нөхцлүүд:
Шошгууд: Шошго нэмэх
Шошго байхгүй, Энэхүү баримтыг шошголох эхний хүн болох!

MARC

LEADER 00000cam a2200000 a 4500
001 UCE8394
003 CL-VaPUC
008 150731e20150000sp |||||||||||||||||spa|d
020 |a 9788432317675 
082 0 4 |a 704.946  |b GON  |2 21 
100 0 |a González García, Juan Luis  |e author  |9 581111 
245 1 0 |a Imágenes sagradas y predicación visual en el Siglo de Oro 
250 |a 1a. ed 
300 |a 495 p 
942 |c BK 
945 |d 20150731 12:25:00  |a gsalatino 
260 |a Madrid  |b Ediciones Akal  |c 2015 
650 0 |a Arte  |9 265238 
650 0 |a Imágenes   |9 361884 
650 0 |a Siglo de oro español  |9 414273 
651 0 |a España  |9 254926 
583 |a last modification  |c 20150731 12:25:00  |k Rodrigo Vera 
490 0 |a Estudios Visuales, 10 
999 |c 360265  |d 360263 
952 |0 0  |1 0  |3 erb  |4 0  |6 704_946000000000000_GON_2015  |7 0  |8 A  |9 469971  |a BIBART  |b BIBART  |i 5192145  |o 704.946 GON 2015  |p 5192145  |r 2025-03-13  |w 2019-11-23  |y BK  |z Catalogado en:20150731  |k ART